Ulice w Gdańsku zaczynające się na M - Statystyki

Ogólne statystyki
  • Ten quiz został rozwiązany 10 razy
  • Średni wynik to 12 z 106
Statystyki odpowiedzi
Odpowiedź % Poprawnych
Malinowa
44%
Migdałowa
44%
Miła
44%
Morska
44%
Majowa
33%
Malborska
33%
Marcowa
33%
Mariacka
33%
Mazowiecka
33%
Mazurska
33%
Mickiewicza
33%
Mieszka I
33%
Morelowa
33%
Mylna
33%
Makuszyńskiego
22%
Małomiejska
22%
Maszynowa
22%
Matejki
22%
Matemblewska
22%
Miodowa
22%
Miszewskiego
22%
Modra
22%
Mokra
22%
Montażystów
22%
Morawska
22%
Morenowa
22%
Macieja
11%
Maki
11%
Malarzy
11%
Malczewskiego
11%
Mamuszki
11%
Marii Ludwiki
11%
Marsa
11%
Marusarzówny
11%
Maryli
11%
Marynarki Polskiej
11%
Marynarska
11%
Marzeń
11%
Mehoffera
11%
Meissnera
11%
Meteorytowa
11%
Mewy
11%
Mezowska
11%
Miałki Szlak
11%
Michałowskiego
11%
Miechucińska
11%
Miedza
11%
Migowska
11%
Miłosza
11%
Milskiego
11%
Młyńska
11%
Modrzewskiego
11%
Moniuszki
11%
Mostek
11%
Mostowa
11%
Motławska
11%
Mozarta
11%
Mydlarska
11%
Myśliborska
11%
Myśliwska
11%
Maciejewicza
0%
Maciejkowa
0%
Macierzankowa
0%
Macierzy Szkolnej w Gdańsku
0%
Madalińskiego
0%
Magellana
0%
Magnoliowa
0%
Majdera
0%
Majewskich
0%
Majkowskiego
0%
Malachitowa
0%
Małachowskiego
0%
Małcużyńskiego
0%
Małoogrodowa
0%
Manifestu Połanieckiego
0%
Matecznikowa
0%
Matki Polki
0%
Matuszewskiego
0%
Menonitów
0%
Merkurego
0%
Metalowców
0%
Michałki
0%
Michny
0%
Michonia
0%
Miedziana
0%
Międzygwiezdna
0%
Mierosławskiego
0%
Mieszczańska
0%
Milewskiego
0%
Miłocińska
0%
Miłosna
0%
Minerwy
0%
Minogi
0%
Mirachowska
0%
Mirandy
0%
Miraua
0%
Młodzieży Polskiej
0%
Mniszki
0%
Modrzejewskiej
0%
Modrzewiowa
0%
Morenowe Wzgórze
0%
Mrongowiusza
0%
Mściwoja II
0%
Muzyka
0%
Myczkowskiego
0%
Myśliwskie Wzgórze
0%
Nie znaleziono quizów pasujących do podanych kryteriów
Rozkład punktacji
Procent ludzi z każdym wynikiem
Percentyl według liczby udzielonych odpowiedzi
Twoja historia wyników
Nie rozwiązałeś tego quizu